000
00251nam a22001217a 4500
999
_c
167451
_d
167451
082
_a
_b
100
_a
Hudson R A
245
_a
Sociolinguistics/
_c
by Hudson R A.
260
_a
_b
Cambridge,
_c
2007.
300
_a
277p.
650
_a
942
_c
BK